[Event "Nova Gorica op-B 12th"]
[Site "Nova Gorica"]
[Date "2007.01.30"]
[Round "8"]
[White "Mihelj, Edvard Danijel"]
[Black "Winkler, Silvio"]
[Result "0-1"]
[WhiteElo "1500"]
[BlackElo "1727"]
[PlyCount "98"]
[EventDate "2007.01.26"]
[EventType "swiss"]
[EventRounds "9"]
[EventCountry "SLO"]
[SourceTitle "CBM 116 Extra"]
[Source "ChessBase"]
[SourceDate "2007.03.07"]
[SourceVersion "1"]
[SourceVersionDate "2007.03.07"]
[SourceQuality "1"]

1. e4 e6 2. d4 d5 3. e5 c5 4. Be3 Nc6 5. Bb5 Bd7 6. Nf3 Qb6 7. Nc3 Nxe5 8. Nxe5 Bxb5 9. a4 Bc6 10. Rb1 Nf6 11. 0-0 Bd6 12. f4 cxd4 13. Qxd4 Qxd4 14. Bxd4 0-0 15. b4 Be8 16. a5 Nd7 17. Ng4 Rc8 18. Rf3 Rc4 19. Bxa7 Bxb4 20. Ne2 Bxa5 21. Rxb7 Rxc2 22. Ng3 Rc7 23. Rxc7 Bxc7 24. Bd4 f6 25. Bb2 Bf7 26. h4 Rb8 27. Ba3 Ra8 28. Be7 Ra4 29. Rc3 Rc4 30. Ra3 h5 31. Ne3 Rc1+ 32. Kf2 Bxf4 33. Ngf1 Ne5 34. Ra8+ Kh7 35. g3 Bh6 36. Ra7 Kg6 37. Bd6 d4 38. Ng2 Rc2+ 39. Kg1 Nf3+ 40. Kh1 Rc1 41. Ne1 Rxe1 42. Kg2 Ne5 43. Ra2 Nc4 44. Bb4 Rb1 45. Bc5 e5 46. Nh2 d3 47. Nf3 Bd5 48. Kf2 e4 49. Nd4 e3# 0-1

[Event "Nova Gorica op-B 12th"]
[Site "Nova Gorica"]
[Date "2007.01.29"]
[Round "5"]
[White "Grosar, Vojko"]
[Black "Winkler, Silvio"]
[Result "1-0"]
[WhiteElo "1918"]
[BlackElo "1727"]
[PlyCount "69"]
[EventDate "2007.01.26"]
[EventType "swiss"]
[EventRounds "9"]
[EventCountry "SLO"]
[SourceTitle "CBM 116 Extra"]
[Source "ChessBase"]
[SourceDate "2007.03.07"]
[SourceVersion "1"]
[SourceVersionDate "2007.03.07"]
[SourceQuality "1"]

1. e4 c6 2. d3 d5 3. Nd2 dxe4 4. dxe4 e5 5. Bc4 Nf6 6. c3 Be7 7. Ngf3 Qc7 8. Qb3 0-0 9. Ng5 Bd6 10. 0-0 h6 11. Ngf3 Bg4 12. Re1 Nbd7 13. Nh4 b5 14. Bd3 Nc5 15. Qc2 Nxd3 16. Qxd3 Rad8 17. Qg3 Be6 18. Nf1 Kh7 19. Nf5 Bxf5 20. exf5 Qd7 21. Qh3 Ng8 22. Bg5 Be7 23. Rad1 Qc7 24. Be3 Rxd1 25. Rxd1 Rd8 26. Re1 Rd3 27. f6 Rxe3 28. Nxe3 Nxf6 29. Nf5 Bf8 30. Qg3 g6 31. Ne3 Bd6 32. Qf3 Kg7 33. Qg3 Qd7 34. Rd1 Qe6 35. Rxd6 1-0

[Event "Nova Gorica op-B 12th"]
[Site "Nova Gorica"]
[Date "2007.01.29"]
[Round "6"]
[White "Winkler, Silvio"]
[Black "Savoia, Serge"]
[Result "1/2-1/2"]
[WhiteElo "1727"]
[BlackElo "1907"]
[PlyCount "62"]
[EventDate "2007.01.26"]
[EventType "swiss"]
[EventRounds "9"]
[EventCountry "SLO"]
[SourceTitle "CBM 116 Extra"]
[Source "ChessBase"]
[SourceDate "2007.03.07"]
[SourceVersion "1"]
[SourceVersionDate "2007.03.07"]
[SourceQuality "1"]

1. d4 e5 2. dxe5 Nc6 3. Nf3 Qe7 4. Nc3 Nxe5 5. Nxe5 Qxe5 6. Qd5 Qxd5 7. Nxd5 Bd6 8. Bf4 Bxf4 9. Nxf4 Nf6 10. 0-0-0 c6 11. f3 g5 12. Nd3 Nd5 13. e4 Ne3 14. Re1 Nc4 15. h4 g4 16. fxg4 d6 17. Nf4 Ne5 18. g5 Bg4 19. Be2 Bd7 20. Bh5 Ke7 21. Bf3 h6 22. gxh6 Rxh6 23. Nd3 Nxf3 24. gxf3 Rah8 25. e5 d5 26. Nc5 Bc8 27. Nd3 Rxh4 28. Rxh4 Rxh4 29. Rf1 c5 30. b3 a5 31. f4 f5 1/2-1/2

[Event "Nova Gorica op-B 12th"]
[Site "Nova Gorica"]
[Date "2007.01.27"]
[Round "2"]
[White "Winkler, Silvio"]
[Black "Capizzi, Biagio"]
[Result "1-0"]
[WhiteElo "1727"]
[BlackElo "1728"]
[PlyCount "123"]
[EventDate "2007.01.26"]
[EventType "swiss"]
[EventRounds "9"]
[EventCountry "SLO"]
[SourceTitle "CBM 116 Extra"]
[Source "ChessBase"]
[SourceDate "2007.03.07"]
[SourceVersion "1"]
[SourceVersionDate "2007.03.07"]
[SourceQuality "1"]

1. d4 d5 2. c4 e6 3. Nc3 Nf6 4. Bg5 Nbd7 5. cxd5 exd5 6. Nxd5 Nxd5 7. Bxd8 Bb4+ 8. Qd2 Bxd2+ 9. Kxd2 Kxd8 10. e4 N5f6 11. f3 Nb6 12. Bd3 c6 13. Ne2 Be6 14. Rhc1 Rc8 15. b4 a6 16. a4 Bd7 17. a5 Na8 18. g4 h6 19. h4 Be6 20. Rc3 Ke7 21. Rac1 Rcd8 22. Ke3 Nc7 23. Rc5 Nd7 24. R5c2 Nf6 25. Rc5 Na8 26. Nf4 Nd7 27. R5c2 g5 28. Ng2 Rhg8 29. h5 Nf6 30. Rd2 Rd7 31. Be2 Nc7 32. Ne1 Bb3 33. Nd3 Ne6 34. Ne5 Rdd8 35. Bxa6 bxa6 36. Nxc6+ Kd7 37. Nxd8 Rxd8 38. d5 Nc7 39. Rc6 Nfxd5+ 40. exd5 Nxd5+ 41. Rxd5+ Bxd5 42. Rxa6 Re8+ 43. Kf2 Be6 44. b5 Rb8 45. b6 Kc6 46. Ke3 Re8 47. Kd4 Bd5 48. b7+ Kxb7 49. Rb6+ Kc7 50. Kxd5 Re3 51. Rxh6 Rxf3 52. Rh7 Rf4 53. h6 Kd7 54. Rg7 Rxg4 55. h7 Rh4 56. a6 Ke7 57. a7 Kf6 58. Rg8 Rxh7 59. a8Q Kf5 60. Qe8 Kg4 61. Qe4+ Kh5 62. Qxh7+ 1-0

[Event "Nova Gorica op-B 11th"]
[Site "Nova Gorica"]
[Date "2006.02.01"]
[Round "9"]
[White "Winkler, Silvio"]
[Black "Skrinjar, Matic"]
[Result "1/2-1/2"]
[WhiteElo "2067"]
[BlackElo "1590"]
[PlyCount "69"]
[EventDate "2006.01.27"]
[EventType "swiss"]
[EventRounds "9"]
[EventCountry "SLO"]
[SourceTitle "CBM 110 Extra"]
[Source "ChessBase"]
[SourceDate "2006.03.10"]
[SourceVersion "2"]
[SourceVersionDate "2006.03.10"]
[SourceQuality "1"]

1. d4 d5 2. c4 e6 3. Nc3 Nf6 4. Nf3 Nc6 5. Bg5 Be7 6. e3 0-0 7. Bd3 Re8 8. 0-0 a6 9. Rc1 dxc4 10. Bxc4 Nd5 11. Bxe7 Rxe7 12. Ne4 h6 13. a3 Nb6 14. Ba2 e5 15. d5 Rd7 16. Nc3 Qe8 17. e4 Rd6 18. Qc2 Na7 19. Bb1 Qe7 20. Nd2 Rg6 21. Ne2 c6 22. Qd3 Bg4 23. Ng3 h5 24. f3 Bd7 25. Nxh5 Qh4 26. Ng3 Rh6 27. Kf2 Rg6 28. Rh1 Nb5 29. Qe3 cxd5 30. exd5 Nxd5 31. Qxe5 Rd6 32. Nde4 Re8 33. Qh5 Qf4 34. Rce1 Re5 35. Nxd6 1/2-1/2

[Event "Nova Gorica op-B 11th"]
[Site "Nova Gorica"]
[Date "2006.01.29"]
[Round "4"]
[White "Pulec Rozic, Lea"]
[Black "Winkler, Silvio"]
[Result "1/2-1/2"]
[WhiteElo "1757"]
[BlackElo "2067"]
[PlyCount "32"]
[EventDate "2006.01.27"]
[EventType "swiss"]
[EventRounds "9"]
[EventCountry "SLO"]
[SourceTitle "CBM 110 Extra"]
[Source "ChessBase"]
[SourceDate "2006.03.10"]
[SourceVersion "2"]
[SourceVersionDate "2006.03.10"]
[SourceQuality "1"]

1. e4 c6 2. d4 d5 3. Nc3 dxe4 4. Nxe4 Bf5 5. Ng3 Bg6 6. Nf3 Nd7 7. Bd3 Ngf6 8. c3 e6 9. 0-0 Be7 10. Bg5 0-0 11. Bxg6 hxg6 12. Qb3 Qb6 13. Bxf6 Bxf6 14. Ne4 Qxb3 15. axb3 a6 16. Rfd1 Rfd8 1/2-1/2

[Event "Nova Gorica op-B 10th"]
[Site "Nova Gorica"]
[Date "2005.01.31"]
[Round "6"]
[White "Leban, Matej"]
[Black "Winkler, Silvio"]
[Result "1-0"]
[WhiteElo "1603"]
[BlackElo "1783"]
[PlyCount "101"]
[EventDate "2005.01.28"]
[EventType "swiss"]
[EventRounds "9"]
[EventCountry "SLO"]
[SourceTitle "CBM 104 Extra"]
[Source "ChessBase"]
[SourceDate "2005.03.01"]
[SourceVersion "1"]
[SourceVersionDate "2005.03.01"]
[SourceQuality "1"]

1. e4 e6 2. d4 d5 3. e5 c5 4. c3 Nc6 5. Nf3 Bd7 6. Bd3 Qb6 7. 0-0 cxd4 8. cxd4 Nxd4 9. Nxd4 Qxd4 10. Nc3 a6 11. Qe2 Qb6 12. a4 Ne7 13. Kh1 Rc8 14. Bg5 h6 15. Bh4 Nc6 16. f4 g6 17. Bf6 Rg8 18. Bh4 Bc5 19. a5 Nxa5 20. f5 g5 21. Be1 Nb3 22. Rb1 Nd4 23. Qh5 Bf8 24. Bf2 Qb4 25. Nxd5 exd5 26. Bxd4 Qxd4 27. e6 Qf6 28. Rfe1 Be7 29. exd7+ Kxd7 30. Qf3 Qd6 31. f6 Qxf6 32. Qxd5+ Ke8 33. Qxb7 Rd8 34. Bxa6 Kf8 35. Bc4 Qd6 36. b4 Rd7 37. Qf3 Bd8 38. Red1 Qe7 39. Rxd7 Qxd7 40. Rd1 Qc7 41. Rxd8+ Kg7 42. Rxg8+ Kxg8 43. Qxf7+ Qxf7 44. Bxf7+ Kxf7 45. Kg1 Ke6 46. Kf2 Kd5 47. Kf3 Kc4 48. Kg4 Kxb4 49. Kh5 Kc5 50. Kxh6 g4 51. Kg5 1-0

[Event "Nova Gorica op-B 10th"]
[Site "Nova Gorica"]
[Date "2005.01.31"]
[Round "5"]
[White "Winkler, Silvio"]
[Black "Lapornik, Robert"]
[Result "0-1"]
[WhiteElo "1783"]
[BlackElo "2000"]
[PlyCount "86"]
[EventDate "2005.01.28"]
[EventType "swiss"]
[EventRounds "9"]
[EventCountry "SLO"]
[SourceTitle "CBM 104 Extra"]
[Source "ChessBase"]
[SourceDate "2005.03.01"]
[SourceVersion "1"]
[SourceVersionDate "2005.03.01"]
[SourceQuality "1"]

1. d4 Nf6 2. Nf3 e6 3. c4 b6 4. Nc3 Bb7 5. Bg5 Be7 6. e3 d6 7. Bd3 Nbd7 8. 0-0 h6 9. Bh4 g5 10. Bg3 Rg8 11. Nd2 h5 12. f3 h4 13. Bf2 Rh8 14. e4 Nf8 15. Qe2 Ng6 16. Be3 Nf4 17. Bxf4 gxf4 18. e5 Nh5 19. Nde4 dxe5 20. dxe5 Qd7 21. Rad1 0-0-0 22. Nf2 Bc5 23. Be4 Qe7 24. Rxd8+ Rxd8 25. Bxb7+ Kxb7 26. Kh1 a6 27. Nce4 Bd4 28. Ng4 Ka7 29. a3 Rg8 30. Rd1 c5 31. Rd3 Ng3+ 32. Nxg3 hxg3 33. h3 Rh8 34. Nf6 Rh4 35. Qe4 Qc7 36. b4 Qc8 37. Rxd4 cxd4 38. Qxd4 Kb7 39. Ng4 f5 40. exf6 e5 41. Qd5+ Ka7 42. f7 Rh8 43. c5 Rd8 0-1